[Event "Mittelfranken-chTB2b 1516"]
[Site "Mittelfranken"]
[Date "2015.11.08"]
[Round "2.8"]
[White "Lang, Franz"]
[Black "Paukert, Tomas"]
[Result "0-1"]
[WhiteElo "1566"]
[BlackElo "1518"]
[PlyCount "60"]
[EventDate "2015.10.18"]
[EventType "team-tourn"]
[EventRounds "9"]
[EventCountry "GER"]
[SourceTitle "EXT 2020"]
[Source "ChessBase"]
[SourceDate "2019.10.17"]
[SourceVersion "1"]
[SourceVersionDate "2019.10.17"]
[SourceQuality "1"]
[WhiteTeam "Uttenreuth"]
[BlackTeam "Nuernberg SK 1911 II"]
[WhiteTeamCountry "GER"]
[BlackTeamCountry "GER"]

1. e4 c5 2. Nc3 Nc6 3. f4 d6 4. Nf3 Bg4 5. Be2 g6 6. d3 Bg7 7. Be3 Bxc3+ 8. bxc3 Qa5 9. Qd2 Nf6 10. 0-0 c4 11. h3 Bd7 12. Nh4 0-0-0 13. f5 d5 14. e5 cxd3 15. cxd3 d4 16. exf6 dxe3 17. Qxe3 exf6 18. d4 Rde8 19. Qd3 g5 20. Nf3 Bxf5 21. Qd2 h5 22. Rac1 Be4 23. Bc4 Re7 24. Rfd1 g4 25. Ne1 gxh3 26. d5 Qc5+ 27. Kh2 hxg2 28. Nxg2 Qxc4 29. Ne3 Qc5 30. dxc6 Qe5+ 0-1